La Divina Comedia / Dante Alighieri

Sparad:
Bibliografiska uppgifter
Huvudupphovsman: Alighieri, Dante
Materialtyp: Bok
Språk:Undetermined
Publicerad: Madrid, España Editorial Espasa-Calpe 1977
Upplaga:10
Ämnen:
Taggar: Lägg till en tagg
Inga taggar, Lägg till första taggen!

MARC

LEADER 00000nam a2200000Ia 4500
008 170316s9999 xx 000 0 und d
999 |c 8095  |d 8095 
040 |a cru BVZT 
090 |a 850 A-3d 
100 |a Alighieri, Dante 
245 |a La Divina Comedia  |b / Dante Alighieri 
250 |a 10 
260 |a Madrid, España  |b Editorial Espasa-Calpe  |c 1977 
300 |a 285 páginas 
650 |a LITERATURA ITALIANA  |9 212 
942 |c 15 D  |h 850 A-3d  |2 z